| 000 | 01032nas a2200313 4500 | ||
|---|---|---|---|
| 001 | BR2021000093 | ||
| 003 | BR-BrBNA | ||
| 005 | 20231205132126.0 | ||
| 007 | ta | ||
| 008 | 230509b bl.|||p| |||| 00| 00por d | ||
| 040 |
_aBR-BrBNA _bpor _cBiblioteca Nacional de Agricultura |
||
| 041 | _a(En) | ||
| 072 | _aF04 | ||
| 100 | 1 | _aGrohskopf, M.A. | |
| 100 | 1 | _aCorrêa, J.C. | |
| 100 | 1 | _aFernandes, D.M. | |
| 100 | 1 | _aBenites, V. de M. | |
| 100 | 1 | _aTeixeira, P.C. | |
| 100 | 1 | _aCruz, C.V. | |
| 245 | 1 | _aPhosphate fertilization with organomineral fertilizer on corn crops on a Rhodic Khandiudox with a high phosphorus content | |
| 650 | _aMILHO | ||
| 650 | _aEFICIÊNCIA AGRONÔMICA | ||
| 650 | _aFERTILIZANTE | ||
| 650 | _aRESÍDUO ORGÂNICO | ||
| 773 | 0 |
_tPesquisa Agropecuária Brasileira (Brazil) _xISSN 1678-3921 _g(2019), v. 54 p. 1-9 _wBR2021000093 |
|
| 856 | 4 | 0 | _uhttps://www.scielo.br/j/pab/a/y9qqrjJhDWcrftM6HkwBwFH/?format=pdf lang=en |
| 909 |
_a202311 _bLúcia _c55 _dLúcia Elande |
||
| 942 |
_2AGRIS _n0 _cANA |
||
| 999 |
_c258609 _d258609 |
||